| 000 | 00882nam a2200253 i 4500 | ||
|---|---|---|---|
| 001 | bg | ||
| 003 | BPK | ||
| 005 | 20190930083155.0 | ||
| 008 | 020202s2001 pl f |000 0 pol | ||
| 020 | _a8385809599 | ||
| 040 | _cBPK | ||
| 080 | _a330.101.541 | ||
| 080 | _a(075.8+076) | ||
| 100 | 1 | _aPróchnicki, Lech. | |
| 245 | 1 | 0 |
_aZrozumieć gospodarkę - makroekonomia : _bworkbook / _cLech Próchnicki ; Zachodniopomorska Szkoła Businessu. |
| 250 | _a[Wyd. 5]. | ||
| 260 |
_aSzczecin : _bZSB, _c2001. |
||
| 300 |
_a127, [7] s. : _brys., wykr. ; _c24 cm. |
||
| 655 | 4 | _aĆwiczenia i zadania dla szkół wyższych | |
| 650 | 4 | _aMakroekonomia | |
| 710 | 0 |
_aZachodniopomorska Szkoła Businessu (Szczecin). _bWydawnictwo. _4pbl. |
|
| 856 |
_uhttp://koha.tu.koszalin.pl/cgi-bin/koha/opac-detail.pl?biblionumber=41994 _yKatalog online BPK |
||
| 942 |
_cKS _2UKD |
||
| 999 |
_c41994 _d41994 |
||